Zeitschriften Bibliographien
Saved in:
| 格式: | 圖書 |
|---|---|
| 語言: | 德语 |
| 出版: |
Meissen
Anton Hain
1968
|
| 叢編: | Philosophische Dokumentation, 1.1
|
| 主題: | |
| 標簽: |
添加標簽
沒有標簽, 成為第一個標記此記錄!
|
MARC
| LEADER | 00000nam a2200000 a 4500 | ||
|---|---|---|---|
| 001 | UCZ2679 | ||
| 003 | CL-VaPUC | ||
| 008 | 951005e19680000GW |||||||||||||||||ger|d | ||
| 082 | 0 | 4 | |a 016.05 |b ZEI |2 21 |
| 245 | 1 | 0 | |a Zeitschriften Bibliographien |
| 246 | 1 | 0 | |a Gesamtregister zur Zeitschrift für philosophische Forschung 1 - 21 (1946-1967) |
| 300 | |a 618 p | ||
| 942 | |c BK | ||
| 945 | |d 19951005 00:00:00 |a lriquelm | ||
| 260 | |a Meissen |b Anton Hain |c 1968 | ||
| 650 | 0 | |a Bibliografías |9 257071 | |
| 650 | 0 | |a Revistas |9 335471 | |
| 650 | 0 | |a Filosofía |9 223554 | |
| 650 | 0 | |a Investigación |9 257811 | |
| 650 | 7 | |a BIBLIOGRAFIAS ESPECIALES |2 CL-VaPUC |9 346443 | |
| 583 | |a last modification |c 19951005 00:00:00 |k Rodrigo Vera | ||
| 490 | 0 | |a Philosophische Dokumentation, 1.1 | |
| 999 | |c 239238 |d 239236 | ||
| 952 | |0 0 |1 0 |4 0 |6 016_050000000000000_ZEI_1968 |7 0 |8 P |9 250214 |a BIBEDU |b BIBEDU |c BIBEDU_PB |d 2019-11-18 |i 1580280 |o 016.05 ZEI 1968 |p 1580280 |r 2024-01-25 |w 2019-11-18 |y BK |k FIL | ||